Normal view
MARC view
Entry Personal Name
001 - CONTROL NUMBER
- control field: 43708
003 - CONTROL NUMBER IDENTIFIER
- control field: ARRUPE
005 - DATE AND TIME OF LATEST TRANSACTION
- control field: 20181129123103.0
008 - FIXED-LENGTH DATA ELEMENTS
- fixed length control field: 181129|| aca||aabn | a|a d
040 ## - CATALOGING SOURCE
- Original cataloging agency: ARRUPE
- Transcribing agency: ARRUPE
100 ## - HEADING--PERSONAL NAME
- Personal name: Quinn, Susan,
- Dates associated with a name: 1940-
670 ## - SOURCE DATA FOUND
- Source citation: Work cat.: (ARRUPE)0: Quinn, Susan, 1940-, A mind of her own :, c1987.